McDonald’s Dipping Sauces-Sudden Death - Statistics

General Stats
  • This quiz has been taken 218 times
  • The average score is 4 of 10
Answers on the Grid
Answers color-coded by a green-red scale on the quiz's grid according to % correct below.
Vanilla
Tomato
Tartar
Sweet ‘N Spicy
Sweet ‘N Sour
Sriracha
Soy
Ranch
Polynesian
Pizza
Pesto
Mustard
Mayo
Marinara
Lemon
Ketchup
Hot
Honey Mustard
Honey BBQ
Honey
Happy Meal
Duck
Coleslaw
Chocolate
Chipotle
Chik-Fil-A
Butter
Buffalo
BBQ
Syrup
 
Answer Stats
Answer % Correct
BBQ
57%
Ketchup
52%
Sweet ‘N Sour
45%
Ranch
40%
Honey Mustard
39%
Mustard
34%
Mayo
31%
Buffalo
28%
Honey
22%
Tartar
19%
No matching quizzes found
Score Distribution
Percent of People with Each Score
Percentile by Number Answered
Your Score History
You have not taken this quiz